Charcoal and briquettes from rubberwood (Record no. 55462)

MARC details
000 -LEADER
fixed length control field 00319nam a2200121Ia 4500
100 ## - MAIN ENTRY--AUTHOR NAME
Personal name Hoi W K
245 #0 - TITLE STATEMENT
Title Charcoal and briquettes from rubberwood
260 ## - PUBLICATION, DISTRIBUTION, ETC. (IMPRINT)
Name of publisher Rubberwood: Processing and utilization
Year of publication 1994
300 ## - PHYSICAL DESCRIPTION
Number of Pages 207-221
650 ## - SUBJECT ADDED ENTRY--TOPICAL TERM
Topical Term Rubberwood
942 ## - ADDED ENTRY ELEMENTS (KOHA)
Koha item type Journals
Holdings
Withdrawn status Lost status Damaged status Not for loan Home library Current library Shelving location Date acquired Koha item type
      Journals RRII Library RRII Library Rubber general 17/12/2021 Journals